000
00213nam a22001097a 4500
100
_a
Ludlvw, Robert
245
_a
The Amber Warning
250
_a
2011
260
_b
Orion Books
300
_a
481
942
_2
ddc
_c
BK
999
_c
11782
_d
11782